000 01025nam a2200289 i 4500
001 bg
003 BPK
005 20210309104953.0
008 971027s1997 pl f f |000 0 pol
040 _cBPK
041 0 _apol
080 _a51
080 _a330.43
080 _a(075.8+076)
100 1 _aPiszczała, Janusz
_d(1943- )
_eAutor
245 1 0 _aMatematyka i jej zastosowanie w naukach ekonomicznych :
_bćwiczenia /
_cJanusz Piszczała.
260 _aPoznań :
_bWydawnictwo Akademii Ekonomicznej,
_c1997.
300 _a145 s. ;
_c24 cm.
490 1 _aMateriały Dydaktyczne / Akademia Ekonomiczna w Poznaniu,
_x1427-1117 ;
_vnr 16
504 _aBibliogr. s. [147].
655 4 _aĆwiczenia i zadania dla szkół wyższych
650 4 _aMatematyka
650 4 _aEkonometria
830 0 _aMateriały Dydaktyczne - Akademia Ekonomiczna w Poznaniu ;
_vnr 16
942 _cKS
_2udc
856 _uhttp://koha.tu.koszalin.pl/cgi-bin/koha/opac-detail.pl?biblionumber=31893
_yKatalog online BPK
999 _c31893
_d31893